000 02099nam a22002657a 4500
005 20240305165509.0
007 cr|||| ||||
008 180710s2018 br |||||s|||| 00||0 por d
020 _a978-85-361-9541-4
035 _a21771
040 _avLex
090 _c8009
_d8009
100 1 _aPretti, Gleibe
245 1 0 _aPrática trabalhista com modelos de peças e contratos
_h[Recurso electrónico] :
_bConforme a Reforma Trabalhista - Lei n. 13.467/17 e MP n. 808/17 /
_cGleibe Pretti
256 _aServicio en línea
260 _aSan Pablo:
_bLTR,
_c2018
300 _a1 recurso electrónico
500 _aPrezado leitor(a), quero lhe fazer um convite: vamos navegar pelas letras descritas neste mar de conhecimento que a reforma trabalhista trouxe como um tsunami, no universo do Direito do Trabalho? Nesta obra trato especificamente do aspecto processual, desta forma, trabalharemos a reclamação trabalhista, a defesa, os recursos, a execução e os procedimentos especiais. Conhecendo a necessidade dos profissionais, também trabalho, nessa obra, com os novos tipos de contratos, como, por exemplo, o contrato intermitente, que foi apresentado de forma inovadora com a MP n. 808/17. Saliento que essa obra foi escrita, principalmente, devido aos pedidos dos nossos leitores e alunos, que descreveram suas maiores dificuldades com todas essas novidades. Sendo assim, vamos aprender juntos, pois, o caminho do conhecimento é infinito e estamos juntos nessa jornada!
506 1 _aDisponible solo en los productos indicados
_dvLex Global
_dvLex Global (Academic Edition, excluding Law Schools)
_dvLex Global (U.S. Academic Edition, Law Schools)
_dvLex Global (U.S. Academic Edition, excluding Law Schools)
_dvLex Global (Academic Edition, Law Schools)
650 0 4 _aDerecho Laboral y Seguridad Social
_zBrasil
650 0 4 _aDerecho Constitucional
_zBrasil
740 0 _avLex Libros (Servicio en línea)
856 4 0 _uhttps://app.vlex.com/#/sources/pratica-trabalhista-com-modelos-de-pe-as-e-contratos-conforme-a-reforma-trabalhista-lei-n-13-467-17-e-mp-n-808-17-21771
942 _cRAA
999 _c166246
_d166246